¿Cuánto sabes de Salamanca? - Estadísticas

Estadísticas generales
  • Esta prueba ha sido intentada 35 veces
  • La puntuación promedio es 12 de 16
Estadísticas de respuestas
Hint Respuesta % Correcto
Novela picaresca que cuenta las vivencias de un pícaro, cuyo autor todavía se desconoce El Lazarillo de Tormes
97%
Río que pasa por la ciudad Río Tormes
97%
Salamanca tiene la ________ más antigua de España y la cuarta más antigua del mundo Universidad
97%
Plaza emblemática que es el centro de la ciudad y considerada como una de las más bonitas de España Plaza Mayor
93%
Gentilicio de Salamanca Salmantino
93%
Famoso entrenador salmantino que llevó a la selección española a la victoria en el Mundial de Fútbol de Sudáfrica en 2010 Vicente del Bosque
90%
Animal emblemático de la ciudad que dice traer suerte para los estudios Rana
83%
Tipo de embutido por el que la provincia es conocida Jamón
80%
Figura que sorprendentemente puedes encontrar esculpida en la Catedral (es un oficio moderno) Astronauta
77%
Comida típica que se come ese día a las orillas del río Hornazo
77%
Famoso día en la ciudad que se celebraba antiguamente cuando las prostitutas volvían después de la Semana Santa Lunes de Aguas
77%
Otro nombre por el que se les conoce a los habitantes de la ciudad (también muy popular en méxico) Charro
73%
Novela que tiene lugar en la ciudad sobre dos amantes trágicos La Celestina
73%
Famoso autor español y rector de la universidad que pronunció la frase "Venceréis pero no convenceréis" en la universidad delante de varios diligentes del bando nacional durante la Guerra Civil Miguel de Unamuno
67%
Creador y más férreo defensor de este movimiento y considerado como el padre del derecho internacional Francisco de Vitoria
13%
Movimiento filosófico a favor de los derechos de los indígenas originado en la ciudad Escuela de Salamanca
7%
No se encontraron pruebas coincidentes
Distribución de puntuación
Porcentaje de gente con cada puntuación
Porcentaje por número respondido
Historial de tus puntuaciones
No has intentado esta prueba.